Trivalentní salmonelová vakcína pro orální vakcinaci drůbeže /

Hlavní autor: Rychlík, Ivan, 1966-
Další autoři: Elsheimer Matulová, Marta, 1985-, Faldynová, Marcela, Šebková, Alena, Šišák, František, 1944-, Havlíčková, Hana
Jazyk: Čeština
Vydáno: Brno : Výzkumný ústav veterinárního lékařství, v.v.i., 2015
Edice: Funkční vzorek ; 4109/2015
Témata:
Fyzický popis: 9 stran : barevné ilustrace ; 30 cm
Knihy
Uloženo v:
LEADER 02470nam a2200601 i 4500
001 nkc20152753593
003 CZ PrNK
005 20160818153608.0
007 ta
008 151119s2015 xr a f 000 0 cze
015 |a cnb002753593 
020 |a 978-80-86895-77-2  |q (kroužková vazba) 
035 |a (OCoLC)944217939 
040 |a BOA001  |b cze  |d ABA001  |e rda 
072 7 |a 636.09  |x Veterinární lékařství  |2 Konspekt  |9 24 
080 |a 579.842.1/.2  |2 MRF 
080 |a 636.09:615.371  |2 MRF 
080 |a 636.5  |2 MRF 
080 |a (083.744)  |2 MRF 
100 1 |a Rychlík, Ivan,  |d 1966-  |7 xx0037983  |4 aut 
245 1 0 |a Trivalentní salmonelová vakcína pro orální vakcinaci drůbeže /  |c autoři Ivan Rychlík, Marta Matulová, Marcela Faldynová, Alena Šebková, František Šišák, Hana Havlíčková 
264 1 |a Brno :  |b Výzkumný ústav veterinárního lékařství, v.v.i.,  |c 2015 
300 |a 9 stran :  |b barevné ilustrace ;  |c 30 cm 
336 |a text  |b txt  |2 rdacontent 
337 |a bez média  |b n  |2 rdamedia 
338 |a svazek  |b nc  |2 rdacarrier 
490 1 |a Funkční vzorek ;  |v 4109/2015 
504 |a Obsahuje bibliografii 
650 0 7 |a Salmonella enterica  |7 ph903848  |2 czenas 
650 0 7 |a Salmonella infantis  |7 ph904026  |2 czenas 
650 0 7 |a Salmonella typhimurium  |7 ph904027  |2 czenas 
650 0 7 |a veterinární vakcíny  |7 ph127064  |2 czenas 
650 0 7 |a drůbež  |7 ph114368  |2 czenas 
650 0 9 |a Salmonella enterica  |2 eczenas 
650 0 9 |a Salmonella infantis  |2 eczenas 
650 0 9 |a Salmonella typhimurium  |2 eczenas 
650 0 9 |a veterinary vaccines  |2 eczenas 
650 0 9 |a poultry  |2 eczenas 
653 0 |a trivalentní salmonelová vakcína 
655 7 |a certifikované metodiky  |7 fd806827  |2 czenas 
655 9 |a certified methodology  |2 eczenas 
700 1 |a Elsheimer Matulová, Marta,  |d 1985-  |7 mub2014801725  |4 aut 
700 1 |a Faldynová, Marcela  |7 xx0022492  |4 aut 
700 1 |a Šebková, Alena  |7 ola2016919420  |4 aut 
700 1 |a Šišák, František,  |d 1944-  |7 uzp2012702498  |4 aut 
700 1 |a Havlíčková, Hana  |7 mzk2015895647  |4 aut 
810 2 |a Výzkumný ústav veterinárního lékařství.  |t Funkční vzorek  |0 s 
910 2 |a BOA001  |b 4-1358.242 
990 |a BK 
995 |a 01 
991 |b 201601  |c NOV 
996 6 |b 2610652477  |c 4-1358.242  |l MZK  |r Sklad / do 1 hodiny  |n 0  |p p.v.  |w 001534960  |u 000010  |a 1  |e BOA001  |j MZK50  |s P 
996 7 |b 2610652478  |c 4-1358.242  |l MZK  |r Sklad / do 1 hodiny  |n 1  |p p.v.  |w 001534960  |u 000020  |a 1  |e BOA001  |j MZK50  |s A